Southville International School and Colleges
Your cart is empty.
  • Cart
  • Lists
    Public lists Eva Luna New books Lux_list list_1
    Your lists Log in to create your own lists
  • Log in to your account
  • Your cookies
  • Search history
Southville International School and Colleges
  • Advanced search
  • Recent comments
  • Most popular
  • Libraries

Log in to your account

Log in with GOOGLE


If you do not have an external account, but do have a local account, you can still log in:

  1. Home
  2. MARC view: The goose girl /
Normal view MARC view ISBD view

The goose girl / (Record no. 295563)

[ view plain ]
MARC details
000 -LEADER
fixed length control field 00405nam a22001577a 4500
003 - CONTROL NUMBER IDENTIFIER
control field PILC
005 - DATE AND TIME OF LATEST TRANSACTION
control field 20160601113659.0
008 - FIXED-LENGTH DATA ELEMENTS--GENERAL INFORMATION
fixed length control field 160601b xxu||||| |||| 00| 0 eng d
020 ## - INTERNATIONAL STANDARD BOOK NUMBER
International Standard Book Number 9781582349909
050 ## - LIBRARY OF CONGRESS CALL NUMBER
Classification number PZ 8
Item number .H134 2003
100 ## - MAIN ENTRY--PERSONAL NAME
Personal name Half, Shannon.
245 ## - TITLE STATEMENT
Title The goose girl /
Statement of responsibility, etc Shannon Half.
260 ## - PUBLICATION, DISTRIBUTION, ETC. (IMPRINT)
Place of publication, distribution, etc New York :
Name of publisher, distributor, etc Bloomsbury,
Date of publication, distribution, etc 2003.
300 ## - PHYSICAL DESCRIPTION
Extent 383 pages ;
Dimensions 20 cm.
942 ## - ADDED ENTRY ELEMENTS (KOHA)
Source of classification or shelving scheme Library of Congress Classification
Koha item type Books
Holdings
Withdrawn status Lost status Source of classification or shelving scheme Damaged status Home library Current library Shelving location Date acquired Source of acquisition Total Checkouts Total Renewals Full call number Barcode Date last seen Date checked out Price effective from Koha item type
    Library of Congress Classification   College Library College Library Fiction Section 06/01/2016 Donation 3 3 PZ 8 .H134 2003 C20560 06/07/2025 05/29/2025 06/01/2016 Books

The goose girl /

APA

Half S., . (2003). The goose girl. New York: Bloomsbury.

Chicago

Half Shannon, . 2003. The goose girl. New York: Bloomsbury.

Harvard

Half S., . (2003). The goose girl. New York: Bloomsbury.

MLA

Half Shannon, . The goose girl. New York: Bloomsbury. 2003.

  • Place hold
  • Print
  • Cite
  • Add to your cart (remove)
  • Save record
    BIBTEX Dublin Core MARCXML MARC (non-Unicode/MARC-8) MARC (Unicode/UTF-8) MARC (Unicode/UTF-8, Standard) MODS (XML) RIS
  • More searches
    Search for this title in:
    Other Libraries (WorldCat) Other Databases (Google Scholar) Online Stores (Bookfinder.com) Open Library (openlibrary.org)

Exporting to Dublin Core...

SOUTHVILLE LIBRARY

Southville International School and Colleges Library

1281 Tropical Ave. Cor. Luxembourg St., BF Homes International, Las Pinas City

Tel. No. 8256374 / 252358 Loc. 117/146

Powered by Koha